The noble scholar, jurist, historian


 His Excellency Dr. Abdul Wahhab bin Ibrahim Abu Sulaiman, may Allah have mercy on him.


 He was born in Umm Al-Qura in the year 1356 AH.

سندات الإجارة والأعيان المؤجرة / (Record no. 7245)

MARC details
000 -LEADER
fixed length control field 02388cam a2200337 i 4500
003 - CONTROL NUMBER IDENTIFIER
control field SA-RiAUC
005 - DATE AND TIME OF LATEST TRANSACTION
control field 20250420161933.0
008 - FIXED-LENGTH DATA ELEMENTS--GENERAL INFORMATION
fixed length control field 241120s2000 su g b i00010 ara c
020 ## - INTERNATIONAL STANDARD BOOK NUMBER
International Standard Book Number 9960627861
024 0# - OTHER STANDARD IDENTIFIER
Standard number or code 00000000970303
040 ## - CATALOGING SOURCE
Original cataloging agency SA-RiIMS
Language of cataloging ara
Transcribing agency SA-RiAUC
Modifying agency AE-DuMBRL
Description conventions rda
082 04 - DEWEY DECIMAL CLASSIFICATION NUMBER
Classification number 253.9003
Assigning agency SA-RiAUC
090 ## - LOCALLY ASSIGNED LC-TYPE CALL NUMBER (OCLC); LOCAL CALL NUMBER (RLIN)
Classification number (OCLC) (R) ; Classification number, CALL (RLIN) (NR) 253.9003
Local cutter number (OCLC) ; Book number/undivided call number, CALL (RLIN) ق ح ف
100 1# - MAIN ENTRY--PERSONAL NAME
Personal name قحف، منذر،
Dates associated with a name 1940-
Relator term مؤلف.
245 10 - TITLE STATEMENT
Title سندات الإجارة والأعيان المؤجرة /
Statement of responsibility, etc. د. منذر قحف.
250 ## - EDITION STATEMENT
Edition statement الطبعة الثانية.
264 #1 - PRODUCTION, PUBLICATION, DISTRIBUTION, MANUFACTURE, AND COPYRIGHT NOTICE
Place of production, publication, distribution, manufacture جدة، السعودية :
Name of producer, publisher, distributor, manufacturer البنك الإسلامي للتنمية، المعهد الإسلامي للبحوث والتدريب،
Date of production, publication, distribution, manufacture, or copyright notice 2000.
300 ## - PHYSICAL DESCRIPTION
Extent 127 صفحة ؛
Dimensions 24 × 17 سم.
336 ## - CONTENT TYPE
Content type term نص
Content type code txt
Source rdacontent
Materials specified كتاب
337 ## - MEDIA TYPE
Media type term بدون وسيط
Media type code n
Source rdamedia
338 ## - CARRIER TYPE
Carrier type term مجلد
Carrier type code nc
Source rdacarrier
490 0# - SERIES STATEMENT
Series statement بحث ؛
Volume/sequential designation 28
504 ## - BIBLIOGRAPHY, ETC. NOTE
Bibliography, etc. note يشتمل على إرجاعات ببليوجرافية.
520 ## - SUMMARY, ETC.
Summary, etc. يتناول كتاب (سندات الاجارة والأعيان المؤجرة) والذي قام بتأليفه د. منذر قحف، موضوع (سندات الاجارة) الكتاب بحث يعرض أنواعا متعددة من السندات التي تتأسس على القواعد والأحكام الشرعية الخاصة بعقد إجارة الأشياء والأشخاص، كما يتضمن عددا من المقترحات التي تحتاج في مجموعها، إلى تأمل عميق مما قد يؤدي إلى إيجاد أنواع جديدة من الأدوات الاستثمارية الإسلامية. والباحث لم يكتفي بعرض الفكرة العامة لسندات الإجارة وسندات الأعيان المؤجرة، بل استعرض العديد من الصور التي يمكن لهذه السندات أن تتخذها؛ مفصلا شروطها وخصائصها الرئيسية، ومقارنا لها مع السندات والأسهم الأخرى.
650 #7 - SUBJECT ADDED ENTRY--TOPICAL TERM
Topical term or geographic name entry element الإجارة (فقه إسلامي)
Source of heading or term aucsh
650 #7 - SUBJECT ADDED ENTRY--TOPICAL TERM
Topical term or geographic name entry element عقود الإيجار
Source of heading or term aucsh
650 #7 - SUBJECT ADDED ENTRY--TOPICAL TERM
Topical term or geographic name entry element المعاملات (فقه إسلامي)
Source of heading or term aucsh
942 ## - ADDED ENTRY ELEMENTS (KOHA)
Source of classification or shelving scheme Dewey Decimal Classification
Koha item type Books
Suppress in OPAC No
949 ## - LOCAL PROCESSING INFORMATION (OCLC)
a SA-JeALM
d 241120
u mohamedma123
n 1
Holdings
Withdrawn status Lost status Source of classification or shelving scheme Damaged status Not for loan Home library Current library Date acquired Total checkouts Full call number Barcode Date last seen Price effective from Koha item type
    Dewey Decimal Classification     DR AbdElwahab Library DR AbdElwahab Library 04/20/2025   253.9003 ق ح ف 000012054 04/20/2025 04/20/2025 Books